| 000 | 00509nam a2200217Ia 4500 | ||
|---|---|---|---|
| 008 | 170918s9999 xx 000 0 und d | ||
| 020 | _a9780439679336 | ||
| 050 | _bP942 2004 | ||
| 100 | _aPrestone, J. B. | ||
| 245 | _aSlam dunk! : | ||
| 245 | _bthe story of Yao Ming / | ||
| 245 | _cJ. B. Prestone. | ||
| 260 | _aNew York : | ||
| 260 | _bScholastic, | ||
| 260 | _c2004 | ||
| 300 | _a24 pages : | ||
| 300 | _bcolored illustration ; | ||
| 300 | _c20cm. | ||
| 440 | _aRead 180. | ||
| 500 | _a540 | ||
| 999 |
_c341671 _d341671 |
||